Producción de leguminosas horticolas y maiz dulce

保存先:
書誌詳細
第一著者: Faiguenbaum Morgenstern, Hugo (autor)
フォーマット: 図書
言語:スペイン語
出版事項: Santiago Pontificia Universidad Católica de Chile, Facultad de Agronomia 1990
主題:
タグ: タグ追加
タグなし, このレコードへの初めてのタグを付けませんか!

MARC

LEADER 00000nam a2200000 a 4500
001 UCX8709
003 CL-VaPUC
008 940420e19900000CL |||||||||||||||||spa|d
082 0 4 |a 635.65  |b FAI  |2 21 
100 |a Faiguenbaum Morgenstern, Hugo  |e autor  |9 325896 
245 1 0 |a Producción de leguminosas horticolas y maiz dulce 
246 1 0 |a Curso producción de leguminosas horticolas y maiz dulce 
300 |a 216 p 
942 |c BK 
945 |d 19940420 00:00:00  |a mfernand 
260 |a Santiago  |b Pontificia Universidad Católica de Chile, Facultad de Agronomia  |c 1990 
650 7 |a HORTALIZAS RENDIMIENTO  |2 CL-VaPUC  |9 325897 
650 7 |a MAIZ DULCE RENDIMIENTO  |2 CL-VaPUC  |9 325898 
650 7 |a LEGUMINOSAS  |2 CL-VaPUC  |9 264301 
583 |a last modification  |c 19940420 00:00:00  |k Rodrigo Vera 
999 |c 228131  |d 228129 
952 |0 0  |1 0  |4 0  |6 635_650000000000000_FAI_1990  |7 0  |8 A  |9 227775  |a BIBAGR  |b BIBAGR  |d 2019-11-15  |i 297147K  |o 635.65 FAI 1990  |p 297147K  |r 2025-01-20  |w 2019-11-15  |y BK  |k AGR 
952 |0 0  |1 0  |4 0  |6 635_650000000000000_FAI_1990  |7 0  |8 A  |9 227776  |a BIBAGR  |b BIBAGR  |d 2019-11-15  |i 2971488  |l 1  |o 635.65 FAI 1990  |p 2971488  |r 2025-01-20  |s 2024-08-06  |w 2019-11-15  |y BK  |k AGR